000 00303nam a2200097Ia 4500
008 201231s9999 xx 000 0 und d
100 _aFoster, Bill
245 0 _aCoaching for peak employee performance: A Practical guide to supporting employeee development
260 _aNew Delhi
_bWheeler pub
942 _cBK
999 _c9744
_d9744